Programación COBOL: principios de procesamiento de datos

Saved in:
Bibliografiske detaljer
Main Authors: Stern, Nancy B (Author), Stern, Robert A (Author)
Format: Bog
Sprog:spansk
Udgivet: Ciudad de México Limusa 1976
Fag:
Tags: Tilføj Tag
Ingen Tags, Vær først til at tagge denne postø!

MARC

LEADER 00000nam a2200000 a 4500
001 UCU3680
003 CL-VaPUC
008 960510e19760000MX |||||||||||||||||spa|d
082 0 4 |a 005.133  |b STE  |2 21 
100 0 |a Stern, Nancy B  |e author  |9 360770 
700 0 |a Stern, Robert A  |e author  |9 360771 
245 1 0 |a Programación COBOL: principios de procesamiento de datos 
300 |a 211 p 
942 |c BK 
945 |d 19960510 00:00:00  |a paguirre 
260 |a Ciudad de México  |b Limusa  |c 1976 
650 7 |a COBOL  |2 CL-VaPUC  |9 260201 
650 0 |a Lenguajes de programación   |9 259458 
650 7 |a PROGRAMAS DE COMPUTADOR  |2 CL-VaPUC  |9 262390 
650 0 |a Software  |9 387312 
583 |a last modification  |c 19960510 00:00:00  |k Rodrigo Vera 
999 |c 247606  |d 247604 
952 |0 0  |1 0  |4 0  |6 005_133000000000000_STE_1976  |7 0  |8 A  |9 263626  |a BIBING  |b BIBING  |d 2019-11-19  |i 165635K  |o 005.133 STE 1976  |p 165635K  |r 2025-01-20  |w 2019-11-19  |y BK  |k ING 
952 |0 0  |1 0  |4 0  |6 005_133000000000000_STE_1976  |7 0  |8 A  |9 263627  |a BIBING  |b BIBING  |d 2019-11-19  |i 1672592  |o 005.133 STE 1976  |p 1672592  |r 2025-01-20  |w 2019-11-19  |y BK  |k CCI 
952 |0 0  |1 0  |4 0  |6 005_133000000000000_STE_1976  |7 0  |8 A  |9 263628  |a BIBING  |b BIBING  |d 2019-11-19  |i 1672711  |o 005.133 STE 1976  |p 1672711  |r 2025-01-20  |w 2019-11-19  |y BK  |k CCI 
952 |0 0  |1 0  |4 0  |6 005_133000000000000_STE_1976  |7 0  |8 A  |9 263629  |a BIBING  |b BIBING  |d 2019-11-19  |i 167272K  |o 005.133 STE 1976  |p 167272K  |r 2025-01-20  |w 2019-11-19  |y BK  |k CCI 
952 |0 0  |1 0  |4 0  |6 005_133000000000000_STE_1976  |7 0  |8 A  |9 263630  |a BIBING  |b BIBING  |d 2019-11-19  |i 1672738  |o 005.133 STE 1976  |p 1672738  |r 2025-01-20  |w 2019-11-19  |y BK  |k CCI